Statistics for Marvel Couples

Click here to take the quiz!

General Stats

  • This quiz has been taken 53 times
  • The average score is 12 of 20

Answer Stats

HintAnswer% Correct
Scarlet WitchVision
100%
AntmanWasp
100%
Mary Jane WatsonSpider-Man
95%
Mr FantasticInvisible Woman
90%
Jean GreyCyclops
80%
ElektraDaredevil
76%
Luke CageJessica Jones
71%
RogueGambit
68%
BlackboltMedusa
66%
BlackpantherStorm
63%
MockingbirdHawkeye
56%
Kitty PrydeColossus
51%
HulklingWiccan
51%
LilandraProfessor X
41%
Alicia MastersThe Thing
41%
PolarisHavok
37%
CrystalQuicksilver
37%
TitaniaAbsorbing Man
32%
MegganCaptain Britain
20%
SwordsmanMantis
20%

Score Distribution

Percentile by Number Answered

Percent of People with Each Score

Your Score History

You have not taken this quiz